Turkish Presidents - Statistics

General Stats
  • This quiz has been taken 1,154 times
  • The average score is 9 of 12
Answer Stats
Hint Answer % Correct
1st President Mustafa Kemal Ataturk
98%
12th President Recep Tayyip Erdogan
95%
2nd President Ismet Inonu
94%
11th President Abdullah Gul
86%
3rd President Celal Bayar
77%
8th President Turgut Ozal
76%
7th President Kenan Evren
75%
9th President Suleyman Demirel
74%
10th President Ahmet Necdet Sezer
66%
4th President Cemal Gursel
56%
6th President Fahri Koruturk
53%
5th President Cevdet Sunay
43%
No matching quizzes found
Score Distribution
Percent of People with Each Score
Percentile by Number Answered
Your Score History
You have not taken this quiz